000 00360 a2200133 4500
000 nam a22 7a 4500
100 _aSharma, Bal Krishna
110 _aSharma, Bal Krishna
245 _aJyotishashastra ka Sangopang Vivachan
250 _aLatest edition
260 _bParimal Publication
_c2025
264 _bParimal Publication
_c2025
942 _cBK
999 _c395893
_d395893